Návrh, energetické a ekonomické vyhodnotenie tepelného čerpadla vzduch - voda pre prípravu teplej vody v rodinnom dome

Guardado en:
Detalles Bibliográficos
Autor principal: Obert, Miloš (Autor)
Otros Autores: Havelský, Václav (Orientador)
Formato: Manuscrito Libro
Lenguaje:eslovaco
Publicado: 2015
Materias:
Acceso en línea:http://is.stuba.sk/zp/portal_zp.pl?podrobnosti=112923
Etiquetas: Agregar Etiqueta
Sin Etiquetas, Sea el primero en etiquetar este registro!

MARC

LEADER 00000ntm a22000003a 4500
001 stuzp52351
003 SK-STU
005 20160719154138.1
007 ta
008 150427s2015----xo-----f-mn---000-0-slo-d
040 |a STU  |b slo 
041 0 |a slo 
100 1 |a Obert, Miloš  |u 020060  |4 aut  |U SjF Strojnícka fakulta  |T SjF Ústav tepelnej energetiky  |X 44388  |U J0060  |Y 805  |7 A000044388 
242 0 1 |a Proposal, energy and economic evaluation of heat pump air - water for hot water preparation in a family house  |y eng 
245 1 0 |a Návrh, energetické a ekonomické vyhodnotenie tepelného čerpadla vzduch - voda pre prípravu teplej vody v rodinnom dome 
260 |c 2015 
650 4 |a tepelné čerpadlo  |2 slo 
650 4 |a vzduch  |2 slo 
650 4 |a teplá voda  |2 slo 
650 4 |a ekonomické vyhodnotenie  |2 slo 
650 4 |a heat pump  |2 eng 
650 4 |a air  |2 eng 
650 4 |a hot water  |2 eng 
650 4 |a economic evaluation  |2 eng 
700 1 |a Havelský, Václav  |4 ths  |X 2454  |7 A000002454 
856 4 |u http://is.stuba.sk/zp/portal_zp.pl?podrobnosti=112923 
996 |b 284J043711  |c J* 2001/DP  |l JJSK  |s A  |a 24  |w stuzp52351_0001 
SQL |a stuzp52351  |b DDP  |c SLO  |d Návrh, energetické a ekonomické vyhodnotenie tepelného čerpadla vzduch - voda pre prípravu teplej vody v rodinnom dome  |e 44388  |f Obert, Miloš  |g 020060  |h 2454  |i Havelský, Václav  |j 20150617  |k 61  |l 02  |m http://is.stuba.sk/zp/portal_zp.pl?podrobnosti=112923  |n I-TESZ  |o 5.2.29. energetika